Jeseníky zimní lyžařská mapa 1:75 000

Jazyk: Polština
Čeština
Vydáno: [Šumperk] : Jeseníky - Sdružení cestovního ruchu, 2010
Témata:
Fyzický popis: 1 mapa : barev. ; 49 x 68 cm, složeno na 25 x 14 cm
Language note: Místní jména česky a část. polsky
Mapy
Uloženo v:
LEADER 01619nem a2200397 a 4500
001 nkc20122390771
003 CZ PrNK
005 20120827103730.0
007 aj canzn
008 120810s2010 xr ag a 0 cze
015 |a cnb002390771 
034 1 |a a  |b 75000  |d E0164411  |e E0172558  |f N0501558  |g N0495544 
040 |a BOA001  |b cze 
041 0 |a cze  |a pol 
043 |a e-xr---  |b e-xr-sl  |2 czenas 
072 7 |a 913(437)  |x Geografie Česka a Slovenska, reálie, cestování  |2 Konspekt  |9 7 
072 7 |a 912  |x Mapy. Atlasy. Glóby  |2 Konspekt  |9 7 
080 |a 796.92  |2 MRF 
080 |a 913(437.33)  |2 MRF 
080 |a (234.57)  |2 MRF 
080 |a (084.3)796.92  |2 MRF 
245 0 0 |a Jeseníky  |h [kartografický dokument] :  |b zimní lyžařská mapa 1:75 000 
255 |a Měřítko 1:75 000  |c (016°44´11" v.d.--017°25´58" v.d./050°15´58" s.š.--049°55´44" s.š.) 
260 |a [Šumperk] :  |b Jeseníky - Sdružení cestovního ruchu,  |c 2010 
300 |a 1 mapa :  |b barev. ;  |c 49 x 68 cm, složeno na 25 x 14 cm 
500 |a Vlastivědý text a výškové profily tras na rubu 
546 |a Místní jména česky a část. polsky 
650 0 7 |a lyžování  |7 ph115188  |z Česko  |2 czenas 
651 7 |a Jeseníky (Česko : pohoří)  |7 ge128492  |2 czenas 
655 7 |a lyžařské mapy  |7 fd132782  |2 czenas 
910 2 |a BOA001  |b Mp2-1290.235 
990 |a MP 
995 |a 60 
991 |b 201208  |c NOV  |e n 
996 6 |b 2610519199  |c Mp2-1290.235  |l MZK  |r Sklad / do 1 hodiny  |n 2  |p p.v.  |w 001273109  |u 000010  |a 1  |e BOA001  |j MZK50  |s P 
996 7 |b 2610519200  |c Mp2-1290.235  |l MZK  |r Sklad / do 1 hodiny  |n 2  |p p.v.  |w 001273109  |u 000020  |a 1  |e BOA001  |j MZK50  |s A